=LDR 00000nam 2200000 4500 =001 INLIS000000000012595 =005 20130612104112 =008 ***********************************Ind** =035 ##$$0010-061300000012595 =041 ##$$a Ind =082 ##$$a 418 =090 ##$$a 418, Am p =100 ##$$a Arsyad, Maedas G =245 ##$$a Pembinaan kemampuan berbicara bahasa Indonesia, Dra. Maidas G. Amyad ; Dm. Muhti US =260 ##$$a 1988 $b Jakarta =300 ##$$a 136 hlm., 23 cm =650 ##$$a Bahasa Indonesia Berbicara =700 ##$$a Mukti, US =850 ##$$a NBPNMAT